000 00805namaa2200277 a 4500
001 vtls001304483
003 NLI
005 20210627043910.0
008 120418s1980 dcu i000 0 eng
039 9 _y201204181933
_zVLOAD
040 0 _aNLI
_cVTLS-2012_FOD
_eAACR2
041 0 _aeng
044 _adcu
082 0 4 _a341.7566
110 2 _aUnited States.
_bDepartment of Transportation
245 1 0 _aOn scene :
_bthe national maritime sar review
260 _aWashington, D.C. :
_bUnited States Department of Transportation,
_c1980
300 _a43 p. ;
_c25 cm.
650 0 _aMaritime law
_9701137
650 0 _aSalvage
_9725623
887 _a
901 _aAD 137488
_b25.10.2010
902 _aU.S 341.7566 Un 3
949 _AVIRTUAITEM
_D10000
_X100
_6ADX000137488ENG
942 _2ddc
_cBKS
999 _c596305
_d596305